Soil mechanics / (Record no. 11293)
[ view plain ]
| 000 -LEADER | |
|---|---|
| fixed length control field | 00393nam a2200157Ia 4500 |
| 020 ## - INTERNATIONAL STANDARD BOOK NUMBER | |
| ISBN | 0278000193 |
| 040 ## - CATALOGING SOURCE | |
| Transcribing agency | GSL |
| 082 ## - DEWEY DECIMAL CLASSIFICATION NUMBER | |
| Classification number | 624 VAN 1987 |
| 100 10 - MAIN ENTRY--AUTHOR NAME | |
| Personal name | Craig, R. F. |
| 245 10 - TITLE STATEMENT | |
| Title | Soil mechanics / |
| 250 ## - EDITION STATEMENT | |
| Edition statement | 4th ed |
| 260 0# - PUBLICATION, DISTRIBUTION, ETC. (IMPRINT) | |
| Place of publication | Wokingham, Berkshire, England : |
| Name of publisher | Van Nostrand Reinhold (UK), |
| Year of publication | 1987 |
| 300 ## - PHYSICAL DESCRIPTION | |
| Number of Pages | ix, 410 p. : |
| Other physical details | ill. ; |
| Dimensions | 24 cm |
| 650 #0 - SUBJECT ADDED ENTRY--TOPICAL TERM | |
| Topical Term | Soil mechanics |
| 942 ## - ADDED ENTRY ELEMENTS (KOHA) | |
| Koha item type | សៀវភៅភាសាអង់គ្លេស |
| 952 ## - LOCATION AND ITEM INFORMATION (KOHA) | |
| Withdrawn status [LOCAL, KOHA] | 0 |
| Permanent Location | Date acquired | Koha item type | Lost status | Shelving location | Barcode | Current Location | Full call number |
|---|---|---|---|---|---|---|---|
| Library Block A | 2017-07-29 | សៀវភៅភាសាអង់គ្លេស | A036 | A09811 | Library Block A | 624 VAN 1987 A036 Or. |